| 000 | 01292nam a2200277Ia 4500 | ||
|---|---|---|---|
| 999 |
_c49062 _d49062 |
||
| 001 | 15968 | ||
| 003 | GE_BSU | ||
| 005 | 20230616154041.0 | ||
| 008 | 181216s1985||||geo|||||||||||||| ||geo|| | ||
| 040 | _cGE_BSU | ||
| 041 | _ageo | ||
| 080 | _a821.353.1-31 ჯ-14 | ||
| 100 |
_aჯავახიშვილი, მ. (მიხეილ, 1880-1937) _918780 |
||
| 245 |
_aჯაყოს ხიზნები ; თეთრი საყელო ; გივი შადური : _bრომანები / _cრედ. მ. სანადირაძე ; მხტ. სპ. ცინცაძე. |
||
| 264 |
_aთბილისი ; _bმერანი, _c1985. |
||
| 300 |
_a607 გვ. : _b ილ. ; _c22 სმ |
||
| 490 | _aქართული საბჭოთა რომანი | ||
| 501 | _aწინასიტყვ. გამომცემლობისაგან გვ. 5-6 | ||
| 653 | _aრომანები | ||
| 653 | _aჯაყოს ხიზნები | ||
| 653 | _aთეთრი საყელო | ||
| 653 | _aგივი შადური | ||
| 700 |
_aსანადირაძე, მ. _eრედაქტორი _94750 |
||
| 700 |
_aცინცაძე, სპ. _eმხატვარი _93670 |
||
| 942 |
_cBK _2udc |
||